Estadísticas para Prueba de Lituania

Haz click aquí para tomar la prueba!

Estadísticas generales

  • Esta prueba ha sido tomada 668 veces
  • La puntuación promedio es 13 de 20

Estadísticas de respuestas

PistaRespuesta% Correcto
Países limítrofesLetonia
99%
Países limítrofesRusia
99%
Países limítrofesPolonia
98%
Lituania declaró su independencia de este país en 1990Unión Soviética
97%
Países limítrofesBielorrusia
94%
Lituania toca este marMar Báltico
94%
CapitalVilna
93%
Organizaciones internacionales importantes a las que Lituania se unió en 2004OTAN
78%
El deporte más popularBaloncesto
76%
Organizaciones internacionales importantes a las que Lituania se unió en 2004Unión Europea
75%
Lituania es el segundo país con mayor
consumo de ______ en el mundo, detrás de Moldavia.
Alcohol
61%
Estado lituano que existió de 1236 a 1795,
mucho más grande que la Lituania moderna
Gran {Ducado}
de Lituania
50%
Lituania fue la última nación _____ de Europa.
No se convirtió en cristiana hasta 1387.
Pagana
48%
La segunda ciudad más pobladaKaunas
45%
En la antigüedad, Lituania comerciaba esta sustancia
de resina de naranjo con el Imperio Romano
Ámbar
35%
Los peregrinos a veces viajan a una colina en Lituania
en la que se colocan más de 100.000 de qué?
Cruces
33%
La verdura utilizada para hacer el cepelinai, el plato nacionalPapas
32%
Lituania luchó en ambos lados de esta guerra
de 1700 a 1721 y perdió el 40% de su población
Gran Guerra
del {Norte}
30%
Ave nacional de Lituania{Cigüeña} blanca
24%
Además del conejo de Pascua, Lituania tiene
una _____ de Pascua que entrega huevos
Abuela
14%

Distribución de puntuación

Porcentaje por número respondido

Porcentaje de gente con cada puntuación

Historial de tus puntuaciones

No has tomado esta prueba